• 首页
  • 本馆介绍
  • 公告通知
  • 最新文献
  • 馆藏检索
  • 电子资源
  • 读者导购
  • 参考咨询
  • 我的图书馆
  • 登录
  • 详细信息显示
  • 放入我的书架
  • 预约/预借图书
  • 作者相关作品
  • 分类相关作品
  • 丛书相关作品
  • 出版社相关作品

书目信息

  • 表格格式
  • 工作单格式
  • 卡片格式
题名:
课堂上的思维导图
    
 
作者: 王明欢 著
分册:   小学生思维导图阅读课
出版信息: 杭州   浙江人民出版社  2020.8
页数: 193页
开本: 24cm
丛书名:
单 册:
中图分类: B842.5 , G421
科图分类:
主题词: 思维能力--能力培养 , 小学生--思维能力--能力培养
电子资源:
ISBN: 978-7-213-09784-3
000 00890nam0 2200265 45
001 012001001697
005 20140821112203.0
010    @a978-7-213-09784-3@dCNY58.00
100    @a20200929d2020 em y0chiy0110 ea
101 0  @achi
102    @aCN@b330000
105    @aa z 000yy
106    @ar
200 1  @a课堂上的思维导图@Ake tang shang de si wei dao tu@i小学生思维导图阅读课@f王明欢著
210    @a杭州@c浙江人民出版社@d2020.8
215    @a193页@c彩图,彩照@d24cm
300    @a附赠辅导视频课
330    @a本书配以丰富的彩色思维导图,让小学生能够亲身体会到思维导图对阅读的巨大帮助,同时,用实战演练的方式让小学生边读书边思考,养成良好的阅读习惯。
606 0  @a思维能力@x能力培养
606 0  @a小学生@x思维能力@x能力培养
690    @aB842.5@v5
690    @aG421@v5
701  0 @a王明欢@Awang ming huan@4著
801    @aCN@bAHXH@c20210922
905    @b1249204-8@dB842.5@e3827@f5
    
    课堂上的思维导图.小学生思维导图阅读课/王明欢著.-杭州:浙江人民出版社,2020.8
    193页:彩图,彩照;24cm
    附赠辅导视频课
    
    ISBN 978-7-213-09784-3:CNY58.00
    本书配以丰富的彩色思维导图,让小学生能够亲身体会到思维导图对阅读的巨大帮助,同时,用实战演练的方式让小学生边读书边思考,养成良好的阅读习惯。
●
相关链接 在E读中查询图书 在五车中查询图书 在当当中查询图书 在豆瓣中查询图书


正题名:课堂上的思维导图     索取号:B842.5/3827         预约/预借

序号 登录号 条形码 馆藏地/架位号 状态 备注
1 1249204   212492042   第一样本阅览室/ [索取号:B842.5/3827] 在馆    
2 1249205   212492051   教育系资料室/ [索取号:B842.5/3827] 在馆    
3 1249206   212492060   教育系资料室/ [索取号:B842.5/3827] 在馆    
4 1249207   212492079   第一借阅区/ [索取号:B842.5/3827] 已借出,限还日期为2023.09.18
借出人:侯诗棋  
 
5 1249208   212492088   第一借阅区/ [索取号:B842.5/3827] 在馆    
唐山师范学院图书馆 欢迎您!
大连网信软件有限公司© 版权所有